| 000 | 00645nam a2200253Ia 4500 | ||
|---|---|---|---|
| 003 | OSt | ||
| 005 | 20220912151454.0 | ||
| 006 | a|||||r|||| 00| 0 | ||
| 007 | ta | ||
| 008 | 220909b |||||||| |||| 00| 0 eng d | ||
| 024 | _a46316 | ||
| 037 | _cTextual | ||
| 040 |
_aCSL _beng _cCSL |
||
| 041 | _aeng | ||
| 082 | _aH3, M4 | ||
| 100 | _aJaroszewski W | ||
| 245 | 0 | _aFault and fold tectonics | |
| 260 |
_aChichester _bEllis Horwood _c1984 |
||
| 300 |
_a565p. _ccm. |
||
| 490 | _aEllis Horwood series in geology | ||
| 650 | _aStructural geology | ||
| 942 |
_hH3, M4 _cTEXL _2CC |
||
| 999 |
_c69318 _d69318 |
||